header

Thrift and generosity (Record no. 120681)

MARC details
000 -LEADER
fixed length control field 01233nam a2200325Ia 4500
082 04 - DEWEY DECIMAL CLASSIFICATION NUMBER
Classification number 179/.9
100 1# - MAIN ENTRY--AUTHOR NAME
Personal name Templeton, John Marks,
245 10 - TITLE STATEMENT
Title Thrift and generosity
260 ## - PUBLICATION, DISTRIBUTION, ETC. (IMPRINT)
Place of publication Philadelphia :
Name of publisher Templeton Foundation Press,
Year of publication 2004.
300 ## - PHYSICAL DESCRIPTION
Number of Pages x, 107 p.
650 #0 - SUBJECT ADDED ENTRY--TOPICAL TERM
Topical Term Christian giving.
Topical Term Generosity
Topical Term Saving and investment.
856 40 - ELECTRONIC LOCATION AND ACCESS
Uniform Resource Identifier http://site.ebrary.com/lib/rucke/Doc?id=10484297

No items available.

© 2026 Rongo University
Contact us: librarian | system librarian | Rongo university